00275nam a2200097Ia 4500008004100000100002800041245003700069260004500106260000900151999001700160170620s9999 xx 000 0 und d aSiddiqui- Mujibul Hasan 0aTechniques of Classroom Teaching bNew Delhi- A.P.H. Publishing corporation c2004 c24609d24609